Fyzika. 1, Mechanika a hydromechanika /

Uložené v:
Podrobná bibliografia
Hlavní autori: Baník, Ivan, 1936-, Chovancová, Marcela (Author), Zámečník, Jozef (Author)
Médium: Kniha
Jazyk:Slovak
Vydané: V Bratislave : Slovenská technická univerzita, 2007.
Vydanie:1. vyd.
Edícia:Edícia skrípt
Témy:
ISBN: 9788022725903 (brož.)
Fyzický popis: 221 s. : il. ; 29 cm.
Tagy: Pridať tag
Žiadne tagy, Buďte prvý kto otaguje tento záznam!

MARC

LEADER 00000nam a2200000 a 4500
001 000295721
005 20070919104524.0
008 070516s2007 xo a f p 000 0 slo d
020 |a 9788022725903 (brož.) 
041 0 |a slo 
044 |a xo  |c SK 
072 7 |a 531  |x Všeobecná mechanika. Mechanika pevných a tuhých telies  |2 konspekt 
072 7 |a 37.016  |x Učebné osnovy. Vyučovacie predmety. Učebnice  |2 konspekt 
080 |a 53  |2 1997 
080 |a 531/534  |2 1997 
080 |a 532  |2 1997 
080 |a (075.8)  |2 1997 
100 1 |a Baník, Ivan,  |d 1936- 
245 1 0 |a Fyzika.  |n 1,  |p Mechanika a hydromechanika /  |c Ivan Baník, Marcela Chovancová, Jozef Zámečník. 
250 |a 1. vyd. 
260 |a V Bratislave :  |b Slovenská technická univerzita,  |c 2007. 
300 |a 221 s. :  |b il. ;  |c 29 cm. 
366 |e 1000 výtl. 
490 1 |a Edícia skrípt 
504 |a Bibliografia: s. 221 
650 0 7 |a fyzika  |2 SVKKKPH 
650 0 7 |a mechanika  |2 SVKKKPH 
650 0 7 |a hydromechanika  |2 SVKKKPH 
655 7 |a učebnice vysokých škôl  |2 SVKKKPH 
700 1 |a Chovancová, Marcela  |4 aut 
700 1 |a Zámečník, Jozef  |4 aut 
810 2 |a Slovenská technická univerzita (Bratislava, Slovensko)  |b Stavebná fakulta  |t Edícia skrípt 
910 |a svkkk 
919 |a 978-80-227-2590-3 
998 |a BK 
090 |g SCKHL  |k Sklad Hlavná 10 prízemie  |a V.217719  |j 989889  |i 2720097923  |s Absenčne